ბათუმის შოთა რუსთაველის სახელმწიფო უნივერსიტეტის ბიბლიოთეკა

სეკულარიზაციის დიალექტიკა გონებისა და რელიგიის შესახებ / (ბიბ.ჩანაწერი № 58641)

000 -ლიდერი
ფიქსირებული სიგრძის საკონტროლო ველი 01572nam a22002537a 4500
003 - საკონტროლო ნომრის იდენტიფიკატორი
საკონტროლო ველი Ge_BSU
005 - ბოლო ოპერაციის თარიღი და დრო
საკონტროლო ველი 20220621123634.0
008 - ფიქსირებული სიგრძის მონაცემთა ელემენტები - ზოგადი ინფორმაცია
ფიქსირებული სიგრძის საკონტროლო ველი 220621s2021 ge ||||| |||| 00| 0 geo d
020 ## - წიგნის საერთაშორისო სტანდარტული ნომერი
International Standard Book Number 9789941977060
041 ## - ენის კოდი
Language code of text/sound track or separate title geo
080 ## - უნივერსალური ათობითი კლასიფიკაციის ინდექსი
Universal Decimal Classification number 316.74:2
100 ## - მთავარი ჩანაწერი - პიროვნების სახელი
Personal name ჰაბერმასი, იურგენ
9 (RLIN) 962
245 ## - ცნობა სათაურის შესახებ
Title სეკულარიზაციის დიალექტიკა გონებისა და რელიგიის შესახებ /
Statement of responsibility, etc იურგენ ჰაბერმასი, იოზეფ რატცინგერი; წინასიტყვაობა ფლორიან შულერი; მთარგმნელი იური მოსიძე; რედაქტორი ა. ალადაშვილი, გ. რცხილაძე.
264 ## - წარმოების, გამოცემის, დისტრიბუციის და სხვა ცნობები
გამოცემის, წარმოების, დისტრიბუციის... ადგილი [თბილისი] :
გამოცემის, წარმოების, დისტრიბუციის... სახელწოდება Carpe diem,
გამოცემის, წარმოების, დისტრიბუციის... თარიღი 2021.
300 ## - ფიზიკური აღწერა
Extent 60 გვ.;
Other physical details 21 სმ.
501 ## - შენიშვნა თანმხლებ მასალაზე
With note შენიშვნები გვ. 55-56
ავტორთა შესახებ გვ. 57-60
653 ## - INDEX TERM--UNCONTROLLED
Uncontrolled term სეკულარიზაცია
700 ## - ADDED ENTRY--PERSONAL NAME
Personal name რატცინგერი, იოზეფ
Relator term ავტორი
9 (RLIN) 14175
700 ## - ADDED ENTRY--PERSONAL NAME
Personal name შულერი, ფლორიან
Relator term წინასიტყვაობა
9 (RLIN) 14176
700 ## - ADDED ENTRY--PERSONAL NAME
Personal name მოსიძე, იური
Relator term მთარგმნელი
9 (RLIN) 14177
700 ## - ADDED ENTRY--PERSONAL NAME
Personal name ალადაშვილი, ა.
Relator term რედაქტორი
9 (RLIN) 14178
700 ## - ADDED ENTRY--PERSONAL NAME
Personal name რცხილაძე, გ.
Relator term რედაქტორი
9 (RLIN) 14179
942 ## - ADDED ENTRY ELEMENTS (KOHA)
Source of classification or shelving scheme
Koha item type წიგნი
ეგზემპლარები
ჩამოწერის სტატუსი დაკარგული ეგზემპლარის სტატუსი კლასიფიკაციის წყარო ან თაროზე გაწყობის სქემა დაზიანების სტატუსი არ გაიცემა მუდმივი მდებარეობა (დაცვის ადგილი) ამჟამინდელი ადგილსამყოფელი თაროზე განთავსების ადგილი შეძენის თარიღი ღირებულება, შესყიდვის ნორმალური ფასი სრული შენახვის შიფრი შტრიხკოდი ბოლო ოპერაციის თარიღი ეგზემპლარის მიმდევრობითი ნომერი (კეტერი?) ფასის ძალაში შესვლის თარიღი ეგზემპლარის სახეობა საჯარო შენიშვნა
          ბათუმის შოთა რუსთაველის სახელმწიფო უნივერსიტეტის მთავარი ბიბლიოთეკა ბათუმის შოთა რუსთაველის სახელმწიფო უნივერსიტეტის მთავარი ბიბლიოთეკა წიგნსაცავი 2022-06-21 8.10 316.74:2 62747 2022-06-21 62747 2022-06-21 წიგნი 8 ლ. 10 თ.
          ბათუმის შოთა რუსთაველის სახელმწიფო უნივერსიტეტის მთავარი ბიბლიოთეკა ბათუმის შოთა რუსთაველის სახელმწიფო უნივერსიტეტის მთავარი ბიბლიოთეკა წიგნსაცავი 2022-06-21 8.10 316.74:2 62748 2022-06-21 62748 2022-06-21 წიგნი 8 ლ. 10 თ.